000 00777nam a2200265Ia 4500
003 OSt
005 20220928130552.0
006 a|||||r|||| 00| 0
007 ta
008 220927b |||||||| |||| 00| 0 eng d
020 _cINR 659.00
024 _a143274
037 _b283, 17/03/2020, Excel Book International
_cTextual
040 _aSDCL
_cSDCL
_beng
041 _2eng
_aeng
082 _aXM8:8, Q2
100 _aFernando A. C.
245 0 _aCorporate governance
_b Principles, policies and practices
250 _a2nd
260 _aNoida
_bPearson
_c2012
300 _axxi,580p.
_ccm.
650 _aFinancial Studies
942 _hXM8:8, Q2
_cTEXL
_2CC
999 _c787222
_d787222